00362nam a22001457a 4500003000500000005001700005008004100022020001800063040000600081082001700087100002500104245004800129260003000177300000900207CEME20210628205802.0210316b xxu||||| |||| 00| 0 eng d a969-0-01119-7 c. a297.1229 IRF aIrfan Hasan Siddiqui aDua jow rahmatoy kay darwasay khol daty haw aLAHOREbFEROZE SONSc1999 a157P